00821nam a2200217Ia 4500003000900000008004100009020001800050040001600068080002000084100001300104111012600117245014300243260003400386300001300420650004100433650004100474650004100515700001500556700001500571700001700586IN-BaIIA211028s9999 xx 000 0 eng d a3-540-08838-5 cIIA Library a048:1:52b77-20 aBohme, S aInternational Astronomical Union Colloquium, no. 35, on Compilation, Critical Evaluation and Distribution of Stellar Data 0aAstronomy and Astrophysics Abstracts vol.20, Literature 1977 pt 2cS. Bohme...[et al.]  aBerlinbSpringer-Verlagc1978 ax, 786p. aAbstracts-Astronomy and Astrophysics aAstronomy and Astrophysics Abstracts aAstronomy and Astrophysics thesaurus aFricke, W. aHefele, H. aHeinrich, I.